|
|
|
|
| LEADER |
00000nam0a2200000 4500 |
| 001 |
310954 |
| 005 |
20231102002334.0 |
| 020 |
|
|
|a RU
|b 82-18195
|
| 035 |
|
|
|a (RuTPU)RU\TPU\book\336309
|
| 090 |
|
|
|a 310954
|
| 100 |
|
|
|a 20151201d1982 m y0rusy5003 ca
|
| 101 |
0 |
|
|a rus
|
| 102 |
|
|
|a RU
|
| 105 |
|
|
|a a j 001zy
|
| 200 |
1 |
|
|a Технология изготовления штампов и пресс-форм
|e учебник для машиностроительных техникумов по спец. 05114 "Пр-во штампов и пресс-форм"
|f В. С. Мендельсон, Л. И. Рудман
|
| 205 |
|
|
|a 2-е изд., перераб. и доп.
|
| 210 |
|
|
|a Москва
|c Машиностроение
|d 1982
|
| 215 |
|
|
|a 206 с.
|c ил.
|
| 320 |
|
|
|a Библиогр.: с. 204
|
| 606 |
1 |
|
|a Штампы
|x Производство
|x Механизация
|2 stltpush
|3 (RuTPU)RU\TPU\subj\19507
|9 44743
|
| 606 |
1 |
|
|a Пресс-формы
|x Производство
|2 stltpush
|3 (RuTPU)RU\TPU\subj\51413
|9 70008
|
| 610 |
1 |
|
|a учебники
|
| 610 |
1 |
|
|a изготовление
|
| 610 |
1 |
|
|a технология
|
| 610 |
1 |
|
|a обработка
|
| 610 |
1 |
|
|a детали
|
| 610 |
1 |
|
|a холодная листовая штамповка
|
| 610 |
1 |
|
|a горячая объемная штамповка
|
| 610 |
1 |
|
|a технический контроль
|
| 610 |
1 |
|
|a ремонт
|
| 610 |
1 |
|
|a восстановление
|
| 610 |
1 |
|
|a проектирование
|
| 675 |
|
|
|a 621.735.073(075.32)
|z rus
|v 3
|
| 675 |
|
|
|a 621.983.3.07(075.32)
|z rus
|v 3
|
| 700 |
|
1 |
|a Мендельсон
|b В. С.
|g Вениамин Соломонович
|4 070
|
| 701 |
|
1 |
|a Рудман
|b Л. И.
|g Леонид Израйлевич
|4 070
|
| 801 |
|
0 |
|a RU
|b RuMRKP
|c 19950704
|g psbo
|
| 801 |
|
1 |
|a RU
|b 63413507
|c 20151201
|
| 801 |
|
2 |
|a RU
|b 63413507
|c 20180921
|g RCR
|
| 942 |
|
|
|c BK
|